|
|
|
|
| LEADER |
02189nam a2200433 4500 |
| 001 |
ocn843199286 |
| 003 |
OCoLC |
| 005 |
20180501122009.0 |
| 006 |
m o d |
| 007 |
cr |n|---||||| |
| 008 |
130515s2013 enk o 001 0 eng d |
| 040 |
|
|
|a MERUC
|b eng
|e pn
|c MERUC
|d MHW
|d OPELS
|d YDXCP
|d N$T
|d UIU
|d OCLCF
|d DEBSZ
|d OCLCQ
|d OCLCO
|d FEM
|d UAB
|d GrThAP
|
| 019 |
|
|
|a 968045514
|a 969028303
|
| 020 |
|
|
|a 9780124105447
|q (electronic bk.)
|
| 020 |
|
|
|a 0124105440
|q (electronic bk.)
|
| 020 |
|
|
|a 9780124105232
|
| 020 |
|
|
|a 0124105238
|
| 035 |
|
|
|a (OCoLC)843199286
|z (OCoLC)968045514
|z (OCoLC)969028303
|
| 050 |
|
4 |
|a QH600
|b .O74 2013
|
| 072 |
|
7 |
|a SCI
|x 049000
|2 bisacsh
|
| 082 |
0 |
4 |
|a 572.87
|
| 049 |
|
|
|a TEFA
|
| 245 |
0 |
0 |
|a Organisation of chromosomes /
|c edited by Rossen Donev.
|
| 260 |
|
|
|a Oxford ;
|a Burlington :
|b Elsevier Science,
|c ©2013.
|
| 300 |
|
|
|a 1 online resource (269 pages).
|
| 336 |
|
|
|a text
|b txt
|2 rdacontent
|
| 337 |
|
|
|a computer
|b c
|2 rdamedia
|
| 338 |
|
|
|a online resource
|b cr
|2 rdacarrier
|
| 490 |
1 |
|
|a Advances in protein chemistry and structural biology ;
|v v. 90
|
| 520 |
|
|
|a Published continuously since 1944, the Advances in Protein Chemistry and Structural Biology serial has been a continuous, essential resource for protein chemists. Covering reviews of methodology and research in all aspects of protein chemistry, including purification/expression, proteomics, modeling and structural determination and design, each volume brings forth new information about protocols and analysis of proteins while presenting the most recent findings from leading experts in a broad range of protein-related topics.
|
| 500 |
|
|
|a Includes indexes.
|
| 650 |
|
0 |
|a Chromosomes.
|
| 650 |
|
7 |
|a SCIENCE
|x Life Sciences
|x Molecular Biology.
|2 bisacsh
|
| 650 |
|
7 |
|a Chromosomes.
|2 fast
|0 (OCoLC)fst00860066
|
| 655 |
|
4 |
|a Electronic books.
|
| 700 |
1 |
|
|a Donev, Rossen.
|
| 776 |
0 |
8 |
|i Print version:
|a Donev, Rossen.
|t Organisation of Chromosomes.
|d Burlington : Elsevier Science, ©2013
|z 9780124105232
|
| 830 |
|
0 |
|a Advances in protein chemistry and structural biology ;
|v v. 90.
|
| 856 |
4 |
0 |
|u https://www.sciencedirect.com/science/bookseries/18761623/90
|z Full Text via HEAL-Link
|